000 00775nam a2200229 4500
001 bimo0001911163
003 CO-ViMGA
005 20230915225025.0
008 040119s2003 sp | ||| ||spa
020 _a8496249360
040 _aCO-ViMGA
_bspa
_cCO-ViMGA
082 0 4 _a070
_bG66c
100 2 _aGonzález Ramréz, Jos Fráncisco
_997
245 1 1 _a¡Controla!
_bla televisión, los videojuegos, internet y el teléfono
260 _aLas Rozas (Madrid)
_bDastin Export
_c[2003]
300 _a158 p.
_bil.
_c21 cm
490 1 _aAutoayuda
650 1 7 _aTecnología de la información
_xAspectos psicolg̤ícos
_2embne
_9100
650 1 7 _aTelevisión̤
_xAspectos psicolg̤ícos
_2embne
_998
650 1 7 _aVideojuegos
_xAspectos psicolg̤ícos
_2embne
_999
942 _2ddc
_cBK
999 _c12043
_d12043